Logo BPK

Biblioteka

Politechniki Koszalińskiej

Opowiadania / (Rekord nr 55658)

Szczegóły MARC
000 -ETYKIETA REKORDU
podpole kontrolne o stałej długości 00665nam a2200241 i 4500
001 - NUMER KONTROLNY REKORDU
pole kontrolne bg
020 ## - MIĘDZYNARODOWY ZNORMALIZOWANY NUMER KSIĄŻKI - ISBN
ISBN 838965170X
020 ## - MIĘDZYNARODOWY ZNORMALIZOWANY NUMER KSIĄŻKI - ISBN
ISBN 8497897188
040 ## - ŹRÓDŁO KATALOGOWANIA
Instytucja, która utworzyła rekord BPK
041 0# - KOD JĘZYKA
Kod języka tekstu pol
044 ## - KOD KRAJU WYDAWCY/PRODUCENTA
Kod kraju wydawcy/producenta POL
080 ## - UNIWERSALNA KLASYFIKACJA DZIESIĘTNA - UKD
UKD 821.162.1-3
920 ## - Międzynarodowy znormalizowany numer książki – ISBN
ISBN 83-89651-70-X
008 - POLE O STAŁEJ DŁUGOŚCI - DANE KONTROLNE
podpole kontrolne o stałej długości s pl f |000 0 pol
100 1# - NAZWA OSOBOWA
Nazwa osobowa Iwaszkiewicz, Jarosław
Daty związane z nazwą (1894-1980).
245 10 - TYTUŁ/ODPOWIEDZIALNOŚĆ
Tytuł Opowiadania /
Pozostałe elementy strefy tytułu i oznaczenia odpowiedzialności Jarosław Iwaszkiewicz.
260 ## - STREFA ADRESU WYDAWNICZEGO
Miejsce wydania Kraków :
Nazwa wydawcy/dystrybutora "Mediasat Poland",
Data publikacji, dystrybucji/powstania dokumentu [2004].
300 ## - STREFA OPISU FIZYCZNEGO
Objętość 247, [2] s. ;
Rozmiary 22 cm.
490 1# - STREFA SERII I DOKUMENTU WIELOCZĘŚCIOWEGO - FORMA NIE DO WYSZUKIWANIA
Tytuł i oznaczenie odpowiedzialności serii Kolekcja Gazety Wyborczej : XX wiek ;
Numeracja w obrębie serii 21
650 #9 - HASŁO PRZEDMIOTOWE W FORMIE NAZWY OGÓLNEJ LUB JEDNOSTKOWEJ
Nazwa ogólna lub geograficzna Opowiadania polskie
Określnik chronologiczny 20 w.
830 #0 - HASŁO DODATKOWE SERII LUB DOKUMENTU WIELOCZĘŚCIOWEGO - TYTUŁ UJEDNOLICONY
Tytuł ujednolicony Kolekcja Gazety Wyborczej ;
Oznaczenie tomu 21
856 ## - LOKALIZACJA I DOSTĘP DO ELEKTRONICZNYCH DOKUMENTÓW ZDALNYCH
Link (URL) http://koha.tu.koszalin.pl/cgi-bin/koha/opac-detail.pl?biblionumber=55658
Tekst linku Katalog online BPK
942 ## - DODATKOWE ELEMENTY (KOHA)
Typ dokumentu Książka
Egzemplarze
Wycofany Status egzemplarza Uszkodzony Dostępność Lokalizacja stała Lokalizacja bieżąca Miejsce przechowywania Sygnatura Kod kreskowy Typ dokumentu
      Dostępny Biblioteka Politechniki Koszalińskiej Biblioteka Politechniki Koszalińskiej Wypożyczalnia BG 89047 02442266 Książka
© 2023 Biblioteka Politechniki Koszalińskiej :: KOHA